[Event "TCh-AUT 1st Bundesliga 2008-9"]
[Site "Ansfelden AUT"]
[Date "2009.03.20"]
[Round "9"]
[White "Buhmann,R"]
[Black "Nanu,C"]
[Result "1-0"]
[WhiteElo "2565"]
[BlackElo "2506"]

1.Nf3 d5 2.d4 Nf6 3.c4 c6 4.Nc3 a6 5.a4 g6 6.g3 Bg7 7.Bg2 O-O 8.O-O a5 9.Ne5 Na6
10.cxd5 Nxd5 11.e4 Ndb4 12.f4 Be6 13.Be3 f6 14.Nf3 Qd7 15.Rf2 Kh8 16.Rd2 Bh3
17.Bh1 Bg4 18.Qf1 Nc7 19.Bg2 Be6 20.Rc1 Bb3 21.Bh3 Qe8 22.Qf2 e6 23.Bf1 Rc8
24.Ra1 e5 25.Bh3 exf4 26.Bxf4 Be6 27.Bg2 Qd7 28.Rad1 Bb3 29.Re1 Rcd8 30.d5 cxd5
31.Nd4 Bc4 32.Bxc7 Qxc7 33.Ne6 Qc8 34.Nxf8 Nd3 35.Rxd3 Bxd3 36.Nxg6+ hxg6
37.Nxd5 f5 38.Qf4 Qc5+ 39.Kh1 Re8 40.Nf6  1-0

[Event "3rd Georgi Agzamov Mem"]
[Site "Tashkent AZE"]
[Date "2009.03.20"]
[Round "5"]
[White "Khoroshev,N"]
[Black "Kvon,A"]
[Result "1-0"]
[WhiteElo "2175"]
[BlackElo "2425"]

1.d4 d5 2.c4 c6 3.Nc3 Nf6 4.Nf3 a6 5.e3 b5 6.b3 Bg4 7.Be2 e6 8.O-O Bd6 9.Bb2 O-O
10.Rc1 Nbd7 11.h3 Bf5 12.Nh4 b4 13.Nb1 Bxb1 14.Rxb1 Ne4 15.Nf3 f5 16.Ne5 Nxe5
17.dxe5 Bc5 18.Bd3 dxc4 19.Bxc4 Qe7 20.Qc2 Ng5 21.Rbc1 Bb6 22.Bd3 c5 23.Qc4 Nf7
24.Rfd1 Nd8 25.Be2 Nb7 26.Bf3 Na5 27.Qe2 Rad8 28.Qxa6 Qc7 29.Rd6 Ba7 30.Rcd1 Rxd6
31.exd6 Qb6 32.Qxb6 Bxb6 33.Rc1 Kf7 34.Be5 Rc8 35.g4 Ke8 36.gxf5 exf5 37.Bxg7 Kd7
38.Be5 c4 39.bxc4 Nxc4 40.Bg3 Nxd6 41.Rxc8 Nxc8 42.Bd5 Ne7 43.Bf7 Ng6 44.Bg8 h5
45.Bf7 f4 46.Bxg6 fxg3 47.Bxh5 gxf2+ 48.Kxf2 Kd6 49.Kf3 Ke5 50.Bg6 Bd8 51.Kg4 Bb6
52.e4 Be3 53.h4 Bc1 54.Kf3 Kd4 55.Ke2 Bf4 56.h5 Bg5 57.Kd1 Bh6 58.Kc2 Bf4
59.Kb3 Kc5 60.Ka4 Bd2 61.Bf7 Kd4 62.Bd5 Kc5 63.Ba8 Bf4 64.Kb3 Kb5 65.Bd5 Kc5
66.Bf7 Kd4 67.Bd5 Kc5 68.Ka4 Bd2 69.Bb3 Kd4 70.Bc2 Kc5 71.Bb1 Kc4 72.Bc2 Kc5
73.Kb3 Bf4 74.Bd1 Bg5 75.Bf3 Bf4 76.Ka4 Kc4 77.Ka5 Kc5 78.Ka6 Kc4 79.Kb6 Be3+
80.Kc6 Bf4 81.Kd7 Kc3 82.Ke6 Kd4 83.Kf5 Be5 84.h6  1-0

[Event "TCh-AUT 1st Bundesliga 2008-9"]
[Site "Ansfelden AUT"]
[Date "2009.03.21"]
[Round "10"]
[White "Levin,F"]
[Black "Nanu,C"]
[Result "1/2-1/2"]
[WhiteElo "2536"]
[BlackElo "2506"]

1.d4 d5 2.c4 c6 3.Nf3 Nf6 4.Nc3 a6 5.a4 e6 6.g3 dxc4 7.Ne5 c5 8.dxc5 Qxd1+
9.Nxd1 Bxc5 10.Bg2 Nd5 11.Ne3 Nxe3 12.Bxe3 Bxe3 13.fxe3 Nd7 14.Nxc4 Rb8 15.O-O Ke7
16.a5 f6 17.Rfd1 b5 18.Nd6 Ne5 19.Rac1 Rd8 20.Nxc8+ Rbxc8 21.Bb7 Rxd1+ 22.Rxd1 Rc2
23.Bxa6 Rxb2 24.Ra1 b4 25.Bd3 b3 26.Ra3 Nxd3 27.exd3 f5 28.a6 Ra2 29.Rxb3 Rxa6
30.Rb2 Ra3 31.Rd2 g5 32.Kf2 Kd6 33.Ke2 Ra1 34.Rb2 Rh1 35.Kf3 Ke5 36.d4+ Kf6
37.e4 g4+ 38.Kg2 Rd1 39.exf5 Kxf5 40.Rf2+ Kg5 41.Re2 Kf6 42.Rf2+ Ke7 43.Rf4 Rd2+
44.Kg1 h5 45.Re4 Kd6 46.Re5 Rd1+ 47.Kf2 Rd2+ 48.Kg1 Rxd4 49.Rxh5 e5 50.h3 gxh3
51.Rxh3 Kd5 52.Kf2 Ra4 53.Rh4 Ra2+ 54.Ke3 Ra3+ 55.Kf2 e4 56.Rh8 Rf3+ 57.Ke2 Rxg3
58.Rd8+  1/2-1/2

[Event "Open A"]
[Site "Zagreb CRO"]
[Date "2009.03.21"]
[Round "1"]
[White "Cebalo,M"]
[Black "Vukic,R"]
[Result "1/2-1/2"]
[WhiteElo "2509"]
[BlackElo "2340"]

1.d4 d5 2.c4 c6 3.Nf3 Nf6 4.Nc3 a6 5.c5 Nbd7 6.Bf4 Nh5 7.Bd2 Nhf6 8.Rc1 g6
9.h3 Qc7 10.g3 Bg7 11.Bf4 Qd8 12.g4 O-O 13.Bg2 Ne8 14.O-O Nc7 15.Re1 f5 16.g5 Re8
17.Na4 e5 18.dxe5 Nxe5 19.Nb6 Rb8 20.Qb3 Nf7 21.Nxc8 Qxc8 22.Rcd1 Ra8 23.Qc2 Ne6
24.Bc1 Qc7 25.b4 Ne5 26.Nxe5 Qxe5 27.Rd3 Nf4 28.Re3 Qc7 29.Bf1 Rxe3 30.Bxe3 Re8
31.Bd2 Qe5 32.e3 Ne6 33.f4 Qc7 34.a4 Re7 35.b5 axb5 36.axb5 cxb5 37.Bxb5 Nxg5
38.Be2 Ne4 39.Bb4 Re8 40.Qb3 Rd8 41.Rd1 Nxc5 42.Bxc5 Qxc5 43.Bf3 b6 44.Rxd5 Rxd5
45.Qxd5+ Qxd5 46.Bxd5+ Kf8 47.Kf2 Ke7 48.Ke2 h6 49.e4 Kd6 50.Bf7 fxe4 51.Ke3 g5
52.Kxe4 gxf4  1/2-1/2

[Event "25th Spring Festival"]
[Site "Budapest HUN"]
[Date "2009.03.23"]
[Round "4"]
[White "Paschall,W"]
[Black "Galyas,M"]
[Result "1/2-1/2"]
[WhiteElo "2354"]
[BlackElo "2456"]

1.d4 d5 2.c4 c6 3.Nf3 Nf6 4.Nc3 a6 5.e3 b5 6.b3 Bg4 7.Be2 e6 8.O-O Bd6 9.Bb2 O-O
10.h3 Bh5 11.Ne5 Bxe2 12.Nxe2 bxc4 13.bxc4 Nbd7 14.Qc2 Qc7 15.cxd5  1/2-1/2

[Event "Open B"]
[Site "Zagreb CRO"]
[Date "2009.03.23"]
[Round "3"]
[White "Vrsek,I"]
[Black "Dobrovic,A"]
[Result "1-0"]
[WhiteElo "2204"]
[BlackElo "2085"]

1.d4 d5 2.c4 c6 3.Nf3 Nf6 4.Nc3 a6 5.e3 e6 6.a3 Bd6 7.Bd3 b5 8.cxd5 cxd5
9.e4 dxe4 10.Nxe4 Be7 11.Nxf6+ gxf6 12.Be4 Ra7 13.d5 f5 14.Qd4 Bf6 15.Qxa7 fxe4
16.Qxb8 exf3 17.gxf3 exd5 18.O-O Rg8+ 19.Kh1 Bh3 20.Re1+ Be7 21.Qxd8+ Kxd8
22.Rg1 Rxg1+ 23.Kxg1 Bf6 24.a4 b4 25.a5 d4 26.Bd2 b3 27.f4 d3 28.Rb1 Bd4
29.Bc3 Bxc3 30.bxc3 Bg4 31.f3 Bxf3 32.Kf2 Bd5 33.Ke3 Bc4 34.Kd4 Be6 35.Rb2 Bf5
36.c4 Ke7 37.Kc3 Kd6 38.Rxb3 Kc5 39.Rb6 d2 40.Kxd2 Kxc4 41.Rxa6 Kd4 42.Rf6  1-0

[Event "25th Spring Festival"]
[Site "Budapest HUN"]
[Date "2009.03.24"]
[Round "5"]
[White "Somogyi,I"]
[Black "Hocevar,N"]
[Result "1/2-1/2"]
[WhiteElo "2224"]
[BlackElo "2119"]

1.d4 d5 2.c4 c6 3.Nf3 Nf6 4.Nc3 a6 5.e3 e6 6.Bd3 b5 7.cxd5 cxd5 8.O-O Nc6
9.a3 Bb7 10.Qe2 Be7 11.Ne5 Nxe5 12.dxe5 Nd7 13.f4 g6 14.Bd2 Nc5 15.Bc2 d4
16.exd4 Qxd4+ 17.Be3 Qc4  1/2-1/2

[Event "Battle of the GMs"]
[Site "Dapitan PHI"]
[Date "2009.03.24"]
[Round "1"]
[White "Laylo,D"]
[Black "Dableo,R"]
[Result "1/2-1/2"]
[WhiteElo "2504"]
[BlackElo "2432"]

1.d4 d5 2.c4 c6 3.Nc3 Nf6 4.Nf3 a6 5.a4 a5 6.cxd5 cxd5 7.Bf4 e6 8.e3 Be7
9.Bd3 O-O 10.O-O Nh5 11.Be5 Nc6 12.Nb5 Nxe5 13.dxe5 g6 14.Rc1 Ng7 15.Qb3 Ne8
16.Nfd4 Bd7 17.f4 Rc8 18.Rc2 Rxc2 19.Qxc2 b6 20.b3 Bc5 21.Kh1 Bxb5 22.Bxb5 Ng7
23.Qc3 Nf5 24.Nxf5 gxf5 25.Be2 f6 26.Rf3 fxe5 27.Qxe5 Qf6 28.Qxf6 Rxf6 29.h3 Rg6
30.g3 Kf7 31.Kg2 Kf6 32.Bd1 Rg7 33.Kf1 Bb4 34.Ke2 h5 35.Kf1 Rg8 36.Ke2 b5
37.axb5 Rb8 38.Kd3 Rxb5 39.g4 hxg4 40.hxg4 fxg4 41.Rg3  1/2-1/2

[Event "Open B"]
[Site "Zagreb CRO"]
[Date "2009.03.25"]
[Round "5"]
[White "Sribar,P"]
[Black "Dobrovic,A"]
[Result "1-0"]
[WhiteElo "2194"]
[BlackElo "2085"]

1.d4 d5 2.c4 c6 3.Nf3 Nf6 4.Nc3 a6 5.cxd5 cxd5 6.Bg5 Ne4 7.Bf4 Nxc3 8.bxc3 Nc6
9.e3 g6 10.Bd3 Bg7 11.h3 O-O 12.O-O Na5 13.e4 dxe4 14.Bxe4 e6 15.Re1 Bd7
16.Ne5 Bc6 17.Nxc6 Nxc6 18.Rb1 Qd7 19.Qf3 Rac8 20.Rb6 Na5 21.Reb1 Qa4 22.Bxb7 Nxb7
23.Rxb7 Qxa2 24.Bd6 Qd5 25.Qxd5 exd5 26.Bxf8 Bxf8 27.R1b3 Re8 28.Kf1 Kg7
29.Ra7 Rc8 30.Rxa6 Kh6 31.Ra5 Rd8 32.Ke2 f5 33.Rbb5 Re8+ 34.Kd3 Re1 35.Rxd5 Rf1
36.Ra2 Be7 37.Rd7  1-0

[Event "Open B"]
[Site "Zagreb CRO"]
[Date "2009.03.26"]
[Round "6"]
[White "Blagojevic,M"]
[Black "Vrsek,I"]
[Result "1/2-1/2"]
[WhiteElo "2059"]
[BlackElo "2204"]

1.d4 d5 2.c4 c6 3.Nc3 Nf6 4.Nf3 a6 5.c5 Bf5 6.Bf4 h6 7.h3 Nbd7 8.e3 g5 9.Bh2 Bg7
10.Bd3 Bxd3 11.Qxd3 b6 12.cxb6 Qxb6 13.O-O O-O 14.b3 c5 15.Rac1  1/2-1/2

[Event "11th Rector Cup Match of Champions"]
[Site "Kharkov UKR"]
[Date "2009.03.28"]
[Round "3"]
[White "Brodsky,M"]
[Black "Vysochin,S"]
[Result "1/2-1/2"]
[WhiteElo "2518"]
[BlackElo "2526"]

1.d4 d5 2.c4 c6 3.Nc3 Nf6 4.Nf3 a6 5.e3 g6 6.Be2 Bg7 7.O-O O-O 8.Bd2 e6 9.b4 Nbd7
10.a4 Ne4 11.b5 axb5 12.cxd5 exd5 13.axb5 Rxa1 14.Qxa1 Nxd2 15.Nxd2 c5 16.Nf3 cxd4
17.Nxd4 Nc5 18.Bf3 Ne6 19.Qa7 Nxd4 20.exd4 b6 21.Rd1 Be6 22.Qb7 Qb8 23.Qxb8 Rxb8
24.Nxd5 Bxd5  1/2-1/2

[Event "Spring Open"]
[Site "Belgrade SRB"]
[Date "2009.03.29"]
[Round "7"]
[White "Maksimovic,Ma"]
[Black "Skare,G"]
[Result "1-0"]
[WhiteElo "2155"]
[BlackElo "2310"]

1.d4 d5 2.c4 c6 3.Nf3 Nf6 4.Nc3 a6 5.a4 Bf5 6.Bg5 e6 7.Qb3 Ra7 8.e3 a5 9.Be2 Be7
10.O-O h6 11.Bf4 O-O 12.Ne5 Nbd7 13.Rad1 Qb6 14.Qa2 Rc8 15.Bd3 Bxd3 16.Rxd3 Qa6
17.Rfd1 Bb4 18.Nxd7 Nxd7 19.b3 Nb6 20.Nb5 Raa8 21.Nc7 Rxc7 22.Bxc7 dxc4 23.bxc4 Nxc4
24.e4 Rc8 25.Bf4 b5 26.Rc1 Nb6 27.Rg3 Kh7 28.Qe2 Bf8 29.Qg4 g6 30.Rh3 f5
31.Qg5 Qb7 32.Rxh6+ Bxh6 33.Qxh6+ Kg8 34.Qxg6+ Qg7 35.Qxe6+ Qf7 36.Qh6 Nc4
37.Rc3  1-0

[Event "Spring Open"]
[Site "Belgrade SRB"]
[Date "2009.03.31"]
[Round "9"]
[White "Jovicic,R"]
[Black "Djurdjevic,P2"]
[Result "1-0"]
[WhiteElo "2234"]
[BlackElo "1993"]

1.d4 Nf6 2.Nf3 d5 3.c4 c6 4.Nc3 a6 5.Bg5 Nbd7 6.cxd5 cxd5 7.e3 h6 8.Bh4 b5
9.Bd3 Bb7 10.Qb3 e6 11.O-O Be7 12.Rfc1 Rc8 13.a4 b4 14.Na2 a5 15.Rxc8 Qxc8
16.Rc1 Qa8 17.Bb5 g5 18.Bg3 O-O 19.Rc7 Rd8 20.Ne5 Bc8 21.Nc6 Re8 22.Ra7  1-0

[Event "Knut Bockman Cup"]
[Site "Oslo NOR"]
[Date "2009.04.06"]
[Round "1"]
[White "Harestad,H"]
[Black "Rundgren,A"]
[Result "1/2-1/2"]
[WhiteElo "2235"]
[BlackElo "1999"]

1.d4 d5 2.c4 c6 3.Nf3 Nf6 4.Nc3 a6 5.c5 Nbd7 6.Bf4 Nh5 7.Qd2 Nxf4 8.Qxf4 Nf6
9.g3 g6 10.Bg2 Bg7 11.O-O O-O 12.Rfd1 Ng4 13.Qd2 e5 14.dxe5 Nxe5 15.Nxe5 Bxe5
16.e4 d4 17.Na4 Be6 18.Nb6 Rb8 19.f4 Bc7 20.Na4 Bg4 21.Re1 d3 22.Kh1 Qd4
23.b3 Rbd8 24.a3 Be2 25.Nc3 Qxc5 26.Nxe2 dxe2 27.Qxe2 Bb6 28.e5 Qf2 29.Qxf2 Bxf2
30.Re2 Bb6 31.Be4 Rd4 32.Kg2 Rfd8 33.Bc2 Rd2 34.Kf3 Kf8 35.Rae1 Rxe2 36.Rxe2 Ke7
37.g4 Bd4 38.h4 Bc3 39.h5 Rd2 40.h6 Rxe2 41.Kxe2 Bb2 42.a4 Bc1 43.Kf3 b5
44.axb5 axb5 45.b4 Bd2 46.Be4 Kd7 47.g5 Bxb4 48.f5 Bf8 49.e6+ Ke7 50.exf7 Bxh6
51.gxh6 gxf5  1/2-1/2

[Event "CEZ Cup"]
[Site "Frydek Mistek CZE"]
[Date "2009.04.09"]
[Round "1"]
[White "Belunek,V"]
[Black "Rohacek,M"]
[Result "1-0"]
[WhiteElo "2284"]
[BlackElo "2253"]

1.d4 d5 2.c4 c6 3.Nf3 Nf6 4.Nc3 a6 5.cxd5 cxd5 6.Bf4 Nc6 7.Rc1 Bf5 8.e3 Rc8
9.Qb3 Na5 10.Qa4+ b5 11.Qd1 Qb6 12.Be2 Nc6 13.Ne5 e6 14.g4 Be4 15.f3 Bg6
16.h4 h5 17.Nxg6 fxg6 18.g5 Ng8 19.Qd3 Nge7 20.a4 bxa4 21.Qxa6 Qxb2 22.O-O Nxd4
23.exd4 Rxc3 24.Qxe6 Kd8 25.Rxc3 Qxc3 26.Bb5  1-0

[Event "16th TCh-RUS HL"]
[Site "Dagomys RUS"]
[Date "2009.04.10"]
[Round "9"]
[White "Klimov,S"]
[Black "Vysochin,S"]
[Result "1/2-1/2"]
[WhiteElo "2521"]
[BlackElo "2543"]

1.d4 d5 2.c4 c6 3.Nc3 Nf6 4.Nf3 a6 5.c5 Bf5 6.Bf4 Nbd7 7.h3 e6 8.e3 Be7 9.Nd2 Bg6
10.b4 Qc8 11.g4 Bd8 12.a4 h5 13.Rg1 hxg4 14.hxg4 Bc7 15.Bxc7 Qxc7 16.f4 b6
17.a5 b5 18.Qf3 O-O-O 19.O-O-O Rh4 20.Be2 Rdh8 21.Rh1 Qd8 22.Rxh4 Rxh4 23.Qg3 Rh8
24.Rf1 Ne8 25.f5 exf5 26.gxf5 Bh5 27.Rh1 Ndf6 28.Nf3 Rf8 29.Bd3 Bxf3 30.Qxf3 Nc7
31.Rg1 Nfe8 32.Qh3 Kb7 33.Nd1 Rg8 34.Nf2 Nf6 35.Qf3  1/2-1/2

[Event "FSGM April"]
[Site "Budapest HUN"]
[Date "2009.04.11"]
[Round "8"]
[White "Muir,A"]
[Black "Nguyen Huynh Minh Huy"]
[Result "0-1"]
[WhiteElo "2351"]
[BlackElo "2484"]

1.d4 d5 2.c4 c6 3.Nf3 Nf6 4.Nc3 a6 5.c5 Bf5 6.Bf4 Nbd7 7.h3 e6 8.e3 Be7 9.Be2 O-O
10.Nd2 Bg6 11.O-O Qc8 12.b4 Re8 13.a4 b6 14.a5 b5 15.Bf3 Bd8 16.e4 dxe4 17.Ndxe4 Nxe4
18.Nxe4 Bxe4 19.Bxe4 Nf6 20.Qf3 Nxe4 21.Qxe4 Bc7 22.Be5 f6 23.Bxc7 Qxc7 24.Rad1 Rad8
25.Rd3 Rd5 26.Rfd1 Qd7 27.Kf1 Rd8 28.Ke2 Qf7 29.Kf1 Re8 30.Kg1 Qh5 31.f3 Qf7
32.Kf2 Qc7 33.Qg4 Rg5 34.Qe4 Qg3+ 35.Ke3 Rd5 36.Qg4 Qc7 37.f4 Qd7 38.Qf3 Rd8
39.Ke2 Kh8 40.Qe4 Qf7 41.Kf2 Re8 42.Kf1 Qd7 43.Kf2 Kg8 44.R1d2 Rf5 45.Ke2 Qc7
46.Rf3 Rd5 47.Rfd3 Qf7 48.Kf2 Qh5 49.Re2 Qf5 50.Qxf5 Rxf5 51.Ke3 Kf7 52.g4 Rd5
53.Red2 h5 54.Kf3 Rh8 55.Kg3 Rhd8 56.Kf3 hxg4+ 57.hxg4 e5 58.fxe5 fxe5 59.Ke4 Ke6
60.Rd1 g6 61.R1d2 Rf8 62.dxe5 Rxe5+ 63.Kd4 Rf4+ 64.Kc3 Rc4+ 65.Kb3 Ree4 66.Rd6+ Ke5
67.Rxc6 Rxb4+ 68.Kc3 Rec4+ 69.Kd3 Rxg4 70.Rxa6 Rbd4+ 71.Kc3 b4+ 72.Kc2 b3+
73.Kc3 Rg3+  0-1

[Event "CEZ Cup"]
[Site "Frydek Mistek CZE"]
[Date "2009.04.11"]
[Round "5"]
[White "Jedlicka,A"]
[Black "Rohacek,M"]
[Result "0-1"]
[WhiteElo "2306"]
[BlackElo "2253"]

1.d4 d5 2.c4 c6 3.Nf3 Nf6 4.Nc3 a6 5.c5 Nbd7 6.Bf4 Nh5 7.Bd2 Nhf6 8.Rc1 g6
9.h3 Qc7 10.g3 Nh5 11.e4 dxe4 12.Nxe4 Bg7 13.Bc4 O-O 14.O-O Ndf6 15.Neg5 Nd5
16.Kg2 h6 17.Ne4 Be6 18.Qe2 Rad8 19.Rce1 Qd7 20.Rh1 Kh7 21.Bd3 Qc8 22.Ne5 Bf5
23.Qf3 Nhf6 24.Ba5 Nxe4 25.Bxe4 Bxe4 26.Rxe4 Rde8 27.Rhe1 Qf5 28.Qb3 f6 29.Nd3 Qd7
30.Re6 f5 31.Qc4 f4 32.Bd2 fxg3 33.fxg3 Rf6 34.R6e2 Ref8 35.Nf4 Nxf4+ 36.Bxf4 R6f7
37.h4 Rxf4 38.gxf4 Qg4+ 39.Kh2 Qxh4+ 40.Kg2 Qg4+ 41.Kh1 Rf5 42.Qc3 Qxf4 43.Rh2 e5
44.Qe3 Qxe3 45.Rxe3 exd4 46.Re7 Rf1+ 47.Kg2 Rc1 48.Kf3 Rxc5 49.Rxb7 g5 50.Re2 Kg6
51.Re6+ Kf5 52.Rd6 g4+ 53.Ke2 Be5 54.Rxh6 Ke4 55.Kd1 Bf4 56.Re6+ Kf3 57.Rb3+ Be3
58.Rf6+ Kg2 59.Ke2 g3 60.Rb7 Rc2+ 61.Kd3 Rd2+ 62.Ke4 c5 63.Rxa6 Kf1 64.Rg6 g2
65.Rf7+ Bf2 66.Kd5 Rxb2 67.Kxc5 d3+ 68.Kc4 d2 69.Rd7 Be1 70.Rf7+ Kg1 71.Rd7 Rxa2
72.Kb3 Ra1 73.Rgd6 Rc1 74.Kb2 Rc4 75.Rh7 Rf4 76.Rg7  0-1

[Event "ch-MGL"]
[Site "Ulan Bator MGL"]
[Date "2009.04.11"]
[Round "2"]
[White "Tserendorj,B"]
[Black "Khatanbaatar,B"]
[Result "0-1"]
[WhiteElo "2068"]
[BlackElo "2403"]

1.d4 d5 2.c4 c6 3.Nc3 Nf6 4.Nf3 a6 5.e3 b5 6.b3 Nbd7 7.Bb2 e6 8.Qc2 Bb7 9.Be2 Be7
10.O-O O-O 11.Rab1 Rc8 12.Bd3 g6 13.h3 Re8 14.Ne2 c5 15.Ne5 cxd4 16.exd4 Nxe5
17.dxe5 Nd7 18.Bc3 dxc4 19.bxc4 Nc5 20.Rfd1 Nxd3 21.Rxd3 Qc7 22.Rd4 bxc4
23.Rg4 Bf8 24.Nf4 Bg7 25.Re1 Red8 26.h4 Bc6 27.h5 Be8 28.hxg6 hxg6 29.Qe4 Qc6
30.Qe3 Qa4 31.Rg3 Rd1 32.Nh5 Rd3 33.Qf4 Rxg3 34.Nf6+ Bxf6 35.exf6 Qa3 36.Qxg3 Rd8
37.Re3 Rd1+ 38.Kh2 Rd5 39.Be5 Qc1 40.Qh4 Rd1 41.Kh3 Rh1+ 42.Bh2 Qd1 43.Re5 Qd6
44.Qg3 Bc6 45.Re3 Qxg3+ 46.Kxg3 Kh7 47.Rc3 Bd5 48.f3 g5 49.Kh3 Kg6 50.g4 Kxf6
51.Kg2 Rd1 52.Ra3 Rd3  0-1

[Event "80th Viktor Kart Jubilee"]
[Site "Lvov UKR"]
[Date "2009.04.12"]
[Round "2"]
[White "Legky,N"]
[Black "Kozakov,M"]
[Result "1/2-1/2"]
[WhiteElo "2468"]
[BlackElo "2457"]

1.d4 d5 2.c4 c6 3.Nc3 Nf6 4.Nf3 a6 5.e3 b5 6.b3 Bg4 7.Be2 e6 8.O-O Be7 9.Bb2 Nbd7
10.Ne5 Bxe2 11.Nxe2 Nxe5 12.dxe5 Nd7 13.cxd5 cxd5 14.Rc1 O-O 15.Qd2 Qb6 16.Bd4 Qb7
17.Rc2 Rac8 18.Rfc1 Ba3  1/2-1/2

[Event "ch-MGL"]
[Site "Ulan Bator MGL"]
[Date "2009.04.12"]
[Round "3"]
[White "Tuvsanaa,N"]
[Black "Gundavaa,B"]
[Result "1/2-1/2"]
[WhiteElo "2301"]
[BlackElo "2461"]

1.d4 d5 2.c4 c6 3.Nf3 Nf6 4.Nc3 a6 5.cxd5 cxd5 6.Bf4 Nc6 7.e3 e6 8.Bd3 Be7
9.O-O Nh5 10.Be5 Nf6 11.Bg3 Nh5 12.Be5 Nf6 13.Bg3 Nh5  1/2-1/2

[Event "11th European Senior Team"]
[Site "Velden AUT"]
[Date "2009.04.13"]
[Round "9"]
[White "Laitinen,Ma"]
[Black "Grasser,P"]
[Result "0-1"]
[WhiteElo "1855"]
[BlackElo "1909"]

1.d4 d5 2.c4 c6 3.Nf3 Nf6 4.Nc3 a6 5.c5 Nbd7 6.g3 e5 7.dxe5 Ng4 8.Qd4 h5
9.b4 a5 10.Ba3 axb4 11.Bxb4 Qc7 12.Bg2 Ndxe5 13.Nxe5 Qxe5 14.Qxe5+ Nxe5 15.a3 b6
16.Nxd5 cxd5 17.Bxd5 Ra6 18.Bc3 Nd7 19.c6 Nf6 20.Bc4 Rxa3 21.Rxa3 Bxa3 22.O-O O-O
23.Rd1 Be7 24.Be5 Rd8 25.Ra1 Bh3 26.e3 Ne8 27.Be2 Bf6 28.Bxf6 Nxf6 29.Bf3 g6
30.Rb1 Rb8 31.Rc1 Ne8 32.Ra1 Nc7 33.Ra7 Ra8 34.Rxa8+ Nxa8 35.Be2 Nc7 36.e4 Kf8
37.f4 Ke7 38.e5 Be6 39.Kg2 Bd5+ 40.Bf3 Ke6 41.h3 Bxf3+ 42.Kxf3 Kd5 43.g4 h4
44.Ke3 Kxc6 45.f5 g5 46.Kd4 b5 47.Kc3 Kd5 48.e6 fxe6 49.f6 Kd6 50.Kd4 e5+
51.Ke4 Ke6 52.f7 Kxf7 53.Kxe5 b4 54.Kd4 Ke6 55.Ke4 Na6 56.Kd4 b3 57.Kc3 Nc5  0-1

[Event "CCF Easter"]
[Site "Coulsdon ENG"]
[Date "2009.04.14"]
[Round "2"]
[White "Allicock,R"]
[Black "Lundin,J"]
[Result "0-1"]
[WhiteElo "2324"]
[BlackElo "2337"]

1.Nf3 Nf6 2.c4 c6 3.Nc3 d5 4.d4 a6 5.e3 b5 6.cxd5 cxd5 7.Ne5 e6 8.Bd3 Bb7
9.O-O Nbd7 10.Bd2 Nxe5 11.dxe5 Nd7 12.f4 Nc5 13.Qc2 d4 14.Ne4 Qd5 15.Nd6+ Bxd6
16.e4 Nxe4 17.Bxe4 Qxe4 18.Qxe4 Bxe4 19.exd6 Kd7 20.Bb4 Rhc8 21.Rac1 Bc2
22.Rf2 d3 23.f5 e5 24.f6 g6 25.Re1 Rc4 26.Bc3 Rxc3 27.bxc3 Kxd6 28.Re3 Rc8
29.Kf1 Rxc3 30.Ke1 Ra3 31.g4 Ke6 32.g5 Rxa2 33.Rh3 b4 34.Rxd3 Ra1+ 35.Kd2 Bxd3
36.Kxd3 Kd5 37.Rc2 e4+ 38.Ke3 b3 39.Rb2 Kc4 40.Kxe4 Re1+  0-1

[Event "80th Viktor Kart Jubilee"]
[Site "Lvov UKR"]
[Date "2009.04.14"]
[Round "5"]
[White "Ganin,M"]
[Black "Stips,F"]
[Result "1/2-1/2"]
[WhiteElo "2431"]
[BlackElo "2189"]

1.d4 d5 2.c4 c6 3.Nf3 Nf6 4.Nc3 a6 5.g3 dxc4 6.Bg2 e6 7.O-O b5 8.e4 Be7 9.e5 Nd5
10.Ne4 h6 11.Nh4 Nd7 12.Qh5 Rf8 13.Qg4 g5 14.Nf3 Qb6 15.Rd1 Bb7 16.h4 c5
17.hxg5 O-O-O 18.gxh6 cxd4 19.Bg5 f5 20.exf6 N7xf6 21.Nxf6 Nxf6 22.Qh4 d3
23.g4 Bxf3 24.Bxf3 Nd5 25.Bxd5 Bxg5 26.Bxe6+ Kb8 27.Qxg5 Qxf2+ 28.Kh1 Qf3+
29.Kg1 Qg3+ 30.Kh1 Qh3+ 31.Kg1 Qg3+ 32.Kh1 Qh3+ 33.Kg1  1/2-1/2

[Event "XXVII Open"]
[Site "Metz FRA"]
[Date "2009.04.14"]
[Round "5"]
[White "Lersy,X"]
[Black "Dreux,V"]
[Result "1-0"]
[WhiteElo "2053"]
[BlackElo "1940"]

1.d4 d5 2.c4 c6 3.Nc3 Nf6 4.Nf3 a6 5.c5 b6 6.cxb6 Qxb6 7.Na4 Qc7 8.Qb3 Nbd7
9.g3 Rb8 10.Qc2 e6 11.a3 Bd6 12.Bd2 Ne4 13.Rc1 Nxd2 14.Nxd2 Bb7 15.Bg2 O-O
16.e4 Rfc8 17.O-O c5 18.dxc5 Nxc5 19.Nxc5 Bxc5 20.Kh1 Qe7 21.Qd3 d4 22.f4 f6
23.b4 Ba7 24.Nc4 Bc6 25.e5 Bb5 26.exf6 gxf6 27.Rfe1 Qd7 28.Qb3 Re8 29.Nb2 Rb6
30.f5 Kg7 31.Qf3 e5 32.a4 Bc6 33.Rxc6 Rxb4 34.Nc4 e4 35.Qg4+ Kf7 36.Bxe4 Qxc6
37.Bxc6 Rxe1+ 38.Kg2 Ke7  1-0

[Event "ch-MGL"]
[Site "Ulan Bator MGL"]
[Date "2009.04.16"]
[Round "10"]
[White "Tuvsanaa,N"]
[Black "Khatanbaatar,B"]
[Result "1/2-1/2"]
[WhiteElo "2301"]
[BlackElo "2403"]

1.d4 d5 2.c4 c6 3.Nf3 Nf6 4.Nc3 a6 5.cxd5 cxd5 6.Bf4 Nc6 7.e3 Bg4 8.Qb3 Na5
9.Qc2 Bxf3 10.gxf3 e6 11.Qa4+ Nc6 12.Qb3 Na5 13.Qa4+ Nc6 14.Qb3 Ra7 15.Rg1 Nh5
16.Bg5 Be7 17.f4 g6 18.Bh6 Qa5 19.O-O-O Nf6 20.Bg7 Rg8 21.Bxf6 Bxf6 22.f5 Ke7
23.fxe6 fxe6 24.f4 Rd8 25.h4 b5 26.h5 Rc7 27.Kb1 gxh5 28.Bh3 Nb4 29.a3 Nc6
30.Ne4 Qa4 31.Qxa4 bxa4 32.Nc5 Rd6 33.Rg8 Na5 34.Nxa4 Nc4 35.Rd3 Kf7 36.Rb8 Bh4
37.Nc5 Re7 38.Ka2 Be1 39.b3 Nd2 40.Nb7 Rdd7 41.Nd8+ Kf6 42.Nc6 Rc7 43.Nxe7 Rc2+
44.Ka1 Kxe7 45.Rb6 Ne4 46.Rxe6+ Kf8 47.Rxa6 Nf2 48.Kb1 Rc7 49.Bf1 Nxd3 50.Bxd3 Rc3
51.Bc2 Rxe3 52.b4 Bc3 53.Rd6 h4 54.Rxd5 h3 55.Rf5+ Kg7 56.Rh5 Bxd4 57.a4 h6
58.a5 Ra3 59.Kc1 Bc3 60.Rxh3 Ra1+ 61.Bb1 Bxb4 62.Rg3+ Kf7 63.Rb3 Bxa5 64.Kb2 Ra4
65.Ba2 Kf6  1/2-1/2

[Event "7th V.Nabokov Mem"]
[Site "Kyiv UKR"]
[Date "2009.04.18"]
[Round "6"]
[White "Golichenko,I"]
[Black "Vysochin,S"]
[Result "1-0"]
[WhiteElo "2393"]
[BlackElo "2543"]

1.d4 d5 2.c4 c6 3.Nf3 Nf6 4.Nc3 a6 5.c5 Bf5 6.Bf4 Nbd7 7.h3 b6 8.cxb6 Qxb6
9.Na4 Qb4+ 10.Bd2 Qb7 11.Rc1 e6 12.e3 Be7 13.Qb3 Qxb3 14.axb3 O-O 15.Rxc6 Rfb8
16.Rxa6 Rxa6 17.Bxa6 Rxb3 18.O-O Nb6 19.Nxb6 Rxb6 20.Rc1 Rxb2 21.Rc8+ Bf8
22.Ba5 Nd7 23.Rd8 Ra2 24.Bb4 h6 25.Bc8 Ra8 26.Ne5 Kh7 27.Bxf8 Nb6 28.Bc5 Nxc8
29.Nxf7  1-0

[Event "7th V.Nabokov Mem"]
[Site "Kyiv UKR"]
[Date "2009.04.20"]
[Round "8"]
[White "Kruppa,Y"]
[Black "Onoprienko,V"]
[Result "1/2-1/2"]
[WhiteElo "2566"]
[BlackElo "2348"]

1.d4 d5 2.c4 c6 3.Nf3 Nf6 4.Nc3 a6 5.a4 g6 6.Bf4 a5 7.cxd5 Nxd5 8.Be5 f6
9.Bg3 Qb6 10.Rc1 Bf5 11.Qd2 Na6 12.e3 Nab4 13.Bc4 Bh6 14.O-O O-O 15.Qe2 e6
16.Nd2 Rfe8 17.h3 Kg7 18.Bh2 e5 19.dxe5 fxe5 20.g4 Bd7 21.Nce4 Kh8 22.Nd6 Re7
23.Bxe5+ Kg8 24.Nf3 Rf8 25.Rcd1 Bg7 26.Bxd5+ cxd5 27.Bxg7 Kxg7 28.Nb5 h5
29.Nfd4 hxg4 30.hxg4 Rf4 31.f3 Bxb5 32.Qxb5 Qxb5 33.axb5 Rxe3 34.Rd2 Kf6
35.Kf2 Re7 36.Kg3 g5 37.Rh1 Re3 38.Rhd1 Ke5 39.Re2 Rxe2 40.Nxe2 Rc4 41.Nc3 Rd4
42.Re1+ Kf6 43.Re2 Rc4 44.Re8 Rd4 45.Rf8+ Kg6 46.Rg8+ Kf6 47.Rf8+ Kg6 48.Rb8 Nd3
49.Rg8+ Kh6 50.Rh8+ Kg6 51.Rg8+ Kh6 52.Rh8+ Kg6 53.Rg8+ Kh6  1/2-1/2

[Event "zt 3.5 Men"]
[Site "Beijing CHN"]
[Date "2009.04.22"]
[Round "6"]
[White "Zhou Weiqi"]
[Black "Zhao Jun"]
[Result "1/2-1/2"]
[WhiteElo "2563"]
[BlackElo "2560"]

1.Nf3 d5 2.d4 Nf6 3.c4 c6 4.Nc3 a6 5.a4 e6 6.Bg5 Be7 7.a5 h6 8.Bh4 c5 9.cxd5 Nxd5
10.Bxe7 Qxe7 11.g3 O-O 12.Bg2 Nc6 13.O-O Rd8 14.e3 Ndb4 15.Qb3 cxd4 16.Nxd4 Nxd4
17.exd4 Rxd4 18.Rfd1 e5 19.Rxd4 exd4 20.Nd5 Nxd5 21.Qxd5 Qd7 22.Rd1 Qxd5
23.Bxd5 Rb8 24.Rxd4 b6 25.Rb4 b5 26.Rd4 Kf8 27.f3 Bb7 28.Bb3 Ke7 29.Kf2 Rc8
30.Ke3 Rc5 31.f4 f6 32.Kd2 g5 33.fxg5 fxg5 34.Rd3 Rf5 35.Kc3 Rf2 36.h4 g4
37.Re3+ Kd6 38.Re6+ Kc5 39.Re5+ Kd6 40.Re6+ Kc5 41.Re5+ Kd6  1/2-1/2

[Event "zt 3.5 Men"]
[Site "Beijing CHN"]
[Date "2009.04.25"]
[Round "8"]
[White "Zhou Jianchao"]
[Black "Zhao Jun"]
[Result "1/2-1/2"]
[WhiteElo "2635"]
[BlackElo "2560"]

1.Nf3 d5 2.d4 Nf6 3.c4 c6 4.Nc3 a6 5.a4 e6 6.g3 Nbd7 7.Bg2 Bb4 8.O-O O-O
9.Nd2 e5 10.cxd5 exd4 11.Na2 Nxd5 12.Bxd5 Bxd2 13.Qxd2 cxd5 14.Qxd4 Nb8 15.Rd1 Be6
16.Nb4 Nc6 17.Nxc6 bxc6 18.b4 Re8 19.Bb2 f6 20.Rac1 Bf7 21.Re1 Re4 22.Qc5 Qe8
23.e3 Re6 24.f3 Bg6 25.Qd4 Qe7 26.Rc5 Re8 27.Kf2 Qd7 28.Qd2 Rb8 29.Bc3 Rbe8
30.Bd4 Rb8 31.Bc3 Rbe8 32.a5 h5 33.Bd4 Rb8 34.Bc3  1/2-1/2

[Event "XXII Open"]
[Site "Benidorm ESP"]
[Date "2009.04.25"]
[Round "2"]
[White "Nordenbaek,J"]
[Black "Haslinger,S"]
[Result "0-1"]
[WhiteElo "2221"]
[BlackElo "2544"]

1.Nf3 d5 2.d4 Nf6 3.c4 c6 4.Nc3 a6 5.c5 Bf5 6.Bf4 Nbd7 7.e3 g6 8.Be2 Nh5
9.Be5 f6 10.Bg3 Nxg3 11.hxg3 Bg7 12.Nh4 Be6 13.f4 Qc7 14.Qc2 Bf7 15.O-O-O e5
16.e4 exd4 17.Rxd4 f5 18.e5 Nxc5 19.g4 Ne6 20.Rhd1 Nxd4 21.Rxd4 fxg4 22.Bxg4 Qe7
23.Qf2 Rf8 24.Nb1  0-1